| 000 | 00575nam a22002057a 4500 | ||
|---|---|---|---|
| 003 | OSt | ||
| 005 | 20140310182935.0 | ||
| 008 | 130201t xxu||||| |||| 00| 0 eng d | ||
| 020 | _a9715551815 | ||
| 050 |
_aHQ1761 _b.Oc16 1997 |
||
| 082 |
_aF952 _b.O16 1997 |
||
| 245 |
_aFemaleness in culture : _cOchiai, Kasuyasu _bsome interfacial Japanese studies / |
||
| 260 |
_aManila : _bDe La Salle University Press, _c1997 |
||
| 300 |
_aviii, 69 p. _c22 cm. |
||
| 521 | _acollege students | ||
| 526 | _c1210L-1700L | ||
| 562 | _e1 | ||
| 942 |
_2lcc _cBK _kFIL |
||
| 999 |
_c17594 _d17594 |
||